000 00598nam a2200181Ia 4500
008 100920s9999 xx 000 0 und d
082 _b69991
_a24 थ 97
100 _aवाजपेयी अटल बिहारी.
245 _aगीत नवे गातो मी.
260 _bविवेक व्यासपीठ, मुंबई.
_c1997
300 _a216
_bसाधी
365 _b150
520 _aसायो.
630 _aगीत नवे गातो मी.
650 _aसायो.
730 _aगीत नवे गातो मी.
942 _cBOOK
999 _c712086
_d712083